000 00595nam a2200193Ia 4500
008 151121s9999||||xx |||||||||||||| ||und||
082 _a833/चौधरी
082 _bHNW-38694
100 _aचौधरी निरंजन
245 _aमौत का भेद
260 _b"नीता प्रकाशन, इलाहाबाद"
260 _c--
300 _a121
600 _aचौधरी निरंजन
630 _aमौत का भेद
700 _aचौधरी निरंजन
730 _aमौत का भेद
942 _cBOOK
999 _c1229360
_d1229357